| 000 | 01571nam0a2200349 i 4500 | ||
|---|---|---|---|
| 001 | RU\NLR\BIBL_A\010687332 | ||
| 005 | 20260405213110.0 | ||
| 010 |
_a9785699773039 _91000 |
||
| 021 |
_aRU _b2014-100089 _96071 |
||
| 035 | _a(NILC)RuMoRGB-007849344 | ||
| 035 | _a(NLR Aleph) 010687332 | ||
| 090 |
_a9668953 _c9668953 |
||
| 100 | _a20150302d2015 u y0rusy50 ca | ||
| 101 | 0 | _arus | |
| 102 | _aRU | ||
| 105 | _aabc|z|||000yy | ||
| 200 | 1 |
_aВоздушно-десантные операции люфтваффе _eвсе боевые планеры III рейха, Италии и Японии _fКонстантин Кузнецов |
|
| 210 |
_aМосква _cЯуза _cЭксмо _d2015 |
||
| 215 |
_a109, [2] с. _cил., портр., к. _d27 |
||
| 225 | 1 |
_aВойна и мы _iАвиаколлекция |
|
| 320 | _aБиблиогр. в конце кн. | ||
| 333 | _a16+ | ||
| 606 | 1 |
_aВторая мировая война _xВоздушно-десантные операции немецкие _z1939 - 1945 _92292403 _3RU\NLR\AUTH\661372847 |
|
| 606 | 1 |
_aПланеры десантные _yГермания и союзные с Германией государства _z1939 - 1945 _92222859 _3RU\NLR\AUTH\6601567688 |
|
| 686 | 1 | _aЦ35(0)62-55,2 | |
| 686 | 1 | _aЦ651.116г(3) | |
| 700 | 1 |
_7ca _8rus _aКузнецов _bК. А. _cисторик оружия _gКонстантин Александрович _979069 _3RU\NLR\AUTH\7796143 |
|
| 801 | 0 |
_aRU _bРГБ _c20150119 _gRCR |
|
| 942 | _cBOOK | ||
| 980 | _aNBR | ||